[Event "Titled Tue 25th Feb Early"]
[Site "chess.com INT"]
[Date "2025.02.25"]
[Round "8"]
[White "Nakamura,Hi"]
[Black "Camlar,Arda"]
[Result "1/2-1/2"]
[WhiteElo "2802"]
[BlackElo "2443"]

1.b3 Nf6 2.Bb2 g6 3.Bxf6 exf6 4.g3 Bg7 5.e3 O-O 6.Bg2 f5 7.d4 d6 8.Ne2 Re8
9.O-O h5 10.h4 Nd7 11.c4 Nf6 12.Nbc3 Ng4 13.Nf4 Rb8 14.Rc1 g5 15.Nxh5 gxh4
16.Nxg7 Kxg7 17.Qf3 Qg5 18.Nd5 c6 19.Nf4 Rh8 20.Nh3 Qh6 21.Qf4 hxg3 22.Qxg3 Bd7
23.Qf4 Qxf4 24.Nxf4 Rbg8 25.Rfd1 Kf8 26.Kf1 Nf6 27.Bf3 Ke7 28.b4 Ne4 29.a4 Rh2
30.Rc2 Ng5 31.Ke2 Ne4 32.Nd3 b6 33.Ra1 Ng3+ 34.Kd2 Ne4+ 35.Kc1 Rg1+ 36.Kb2 Rxa1
37.Kxa1 c5 38.b5 Ng5 39.Bb7 Ne6 40.dxc5 Nxc5 41.Nxc5 dxc5 42.Kb2 Be6 43.Bf3 Rh4
44.Be2 f4 45.e4 Kd6 46.f3 Rh2 47.Kc3 Ke5 48.a5 bxa5 49.Ra2 Bh3 50.Rd2 Be6
51.Kd3 Bh3 52.Rd1 Rf2 53.Kd2 Be6 54.Ke1 Rh2 55.Rd8 a4 56.Rd2 a3 57.Ra2 Rh1+
58.Kd2 Rh2 59.Kd3 Rf2 60.Rxa3 Bxc4+ 61.Kxc4 Rxe2 62.Rxa7 Rc2+ 63.Kd3 Rf2
64.Re7+ Kd6 65.Rxf7 Rxf3+ 66.Kc4 Rf1 67.b6 Rb1 68.b7 Ke5 69.Re7+ Kf6 70.Rh7 Ke5
71.Kd3 f3 72.Rf7 Rb3+ 73.Kc4 Rb1 74.Kd3 Rb2 75.Rf5+ Ke6 76.Rxc5 Rxb7 77.Ke3 Rf7
78.Kf2 Ke7 79.Rc7+ Ke6 80.Rc5 Rf8 81.Rh5 Rf7 82.Rb5 Rf8 83.Ra5 Rf7 84.Ra8 Rf6
85.Re8+ Kf7 86.Re5 Re6 87.Rf5+ Rf6 88.Rg5 Ke6 89.Rh5 Rf7 90.Ra5 Rf8 91.Ra3 Rf7
92.Ra8 Ke5 93.Re8+ Kf4 94.e5 Ra7 95.Rf8+ Kxe5 96.Rxf3 Ke6 97.Re3+ Kf7 98.Rh3 Ra2+
99.Ke1 Ra6 100.Rh7+ Kg6 101.Rb7 Rf6 102.Ke2 Re6+ 103.Kf3 Rf6+ 104.Kg4 Re6
105.Rb4 Rf6 106.Rb5 Re6 107.Rb4 Kf6 108.Kf4 Kg6 109.Kg4  1/2-1/2

[Event "Titled Tue 25th Feb Late"]
[Site "chess.com INT"]
[Date "2025.02.25"]
[Round "8"]
[White "Caruana,F"]
[Black "Nakamura,Hi"]
[Result "0-1"]
[WhiteElo "2803"]
[BlackElo "2802"]

1.e4 e5 2.Nf3 Nc6 3.Nc3 Nf6 4.h3 Bb4 5.Bd3 d6 6.a3 Bc5 7.Bc4 a6 8.d3 Be6
9.O-O h6 10.Be3 O-O 11.b4 Bxe3 12.fxe3 Nd7 13.Nd5 Ne7 14.Bb3 Bxd5 15.exd5 f5
16.c4 f4 17.e4 g5 18.c5 Kg7 19.Rc1 Ng6 20.c6 bxc6 21.Rxc6 Nf6 22.Qe2 Nh5
23.Rfc1 Rf7 24.d4 Ng3 25.Qd3 Qf6 26.Rxc7 Rf8 27.Bd1 h5 28.dxe5 Nxe5 29.Nxe5 Qxe5
30.Bf3 Rxc7 31.Rxc7+ Kf6 32.Qc3 Qxc3 33.Rxc3 Rg8 34.a4 g4 35.Bd1 gxh3 36.Bf3 hxg2
37.Rb3 h4 38.Kxg2 Nxe4+ 39.Kh2 Nd2 40.Rd3 Nxf3+ 41.Rxf3 Ke5 42.b5 axb5 43.axb5 Rb8
44.Rb3 Kxd5 45.Kh3 Kc4 46.Rf3 Rxb5 47.Rxf4+ Kc3 48.Kxh4 Rb4  0-1

[Event "Titled Tue 25th Feb Late"]
[Site "chess.com INT"]
[Date "2025.02.25"]
[Round "9"]
[White "Nakamura,Hi"]
[Black "Duda,J"]
[Result "1/2-1/2"]
[WhiteElo "2802"]
[BlackElo "2739"]

1.b3 b6 2.Bb2 Bb7 3.Nf3 Nf6 4.g3 g6 5.Bg2 Bg7 6.O-O O-O 7.d4 c5 8.dxc5 bxc5
9.c4 d6 10.Qc2 Nbd7 11.Nc3 Qb6 12.Rab1 Rab8 13.e4 e6 14.Rfd1 Rfd8 15.Rd2 Ne8
16.Na4 Qc7 17.Bxg7 Kxg7 18.Rbd1 Bc6 19.Nc3 Ne5 20.Ne1 Ba8 21.Nb5 Qe7 22.Qc3 f6
23.Qe3 Nc6 24.Nc2 e5 25.Nc3 Nd4 26.Qd3 Nc7 27.Ne3 Bc6 28.Rf1 a5 29.f4 Rf8
30.Rdf2 Rbe8 31.f5 g5 32.Bf3 Qf7 33.Qd1 Ra8 34.Bh5 Qg8 35.h4 Kh8 36.Kh2 Ra7
37.a4 Na6 38.Nb5 Rd7 39.Qb1 Nb4 40.Nc3 Rg7 41.Rg2 Rd8 42.Ng4 Qf8 43.Nd5 Bxd5
44.exd5 Qe7 45.Qe4 Rdg8 46.Nh6 Rf8 47.Rfg1 Na6 48.Bd1 Qb7 49.g4 Nb8 50.Rg3 Nd7
51.Rh3 Qb4 52.Qe3 Qa3 53.Rhg3 Qb4 54.Kh3 Qa3 55.R1g2 Qa1 56.Qd3 Qc1 57.Rg1 gxh4
58.Qe3 Qxe3 59.Rxe3 Nb8 60.Kxh4 Rg5 61.Rh3 Kg7 62.Kg3 Rh8 63.Rgh1 Na6 64.Kf2 Nb4
65.Ke3 Na2 66.Kd2 Nb4 67.Rh5 Na6 68.R5h3 Nc7 69.Kc3 Na8 70.Rh4 Nb6 71.R4h3 Nd7
72.Kd2 Nb6 73.Ke3 Nc8 74.Ke4 Ne7 75.R1h2 Nc8 76.Rh1 Nb6 77.R1h2 Nd7 78.Rh1 Nf8
79.R1h2 Nd7 80.Rh1 Nf8 81.R1h2 Nd7  1/2-1/2

[Event "Titled Tue 25th Feb Early"]
[Site "chess.com INT"]
[Date "2025.02.25"]
[Round "9"]
[White "Nakamura,Hi"]
[Black "Kosakowski,Jakub"]
[Result "0-1"]
[WhiteElo "2802"]
[BlackElo "2511"]

1.b3 g6 2.Bb2 Nf6 3.Bxf6 exf6 4.g3 Bg7 5.Bg2 O-O 6.e3 d5 7.Ne2 h5 8.h4 Bg4
9.d4 c6 10.Nd2 Nd7 11.c4 dxc4 12.Nxc4 Nb6 13.Qc2 Re8 14.O-O Nxc4 15.Qxc4 Bxe2
16.Qxe2 Qxd4 17.Rfd1 Qe5 18.Qd2 Re7 19.Rac1 f5 20.Rc4 Qc7 21.b4 a6 22.a4 Qb6
23.Bf1 Ree8 24.Qc2 Rad8 25.Rb1 Re5 26.Rb3 Red5 27.Bd3 R8d6 28.Rc5 Qd8 29.Rxd5 Rxd5
30.Kf1 Be5 31.Ke2 Kg7 32.Bc4 Rd6 33.Rb1 Bf6 34.Bb3 Qe7 35.Kf1 Qd7 36.Ke2 f4
37.exf4 Qg4+ 38.Kf1 Qf3 39.Rd1 Rxd1+ 40.Qxd1 Qxd1+ 41.Bxd1 Be7 42.b5 cxb5
43.axb5 axb5 44.f5 Kf6 45.Bb3 b4 46.Ke2 Bc5 47.fxg6 fxg6 48.f3 Bd6 49.f4 Bc5
50.Kf3 Bd4 51.Bc2 Bc3 52.Kg2 Be1 53.Kf3 Bc3 54.Be4 b6 55.Bd5 Bd4 56.Bb3 Bc5
57.Bc4 Bd4 58.Ba2 Bc5 59.Bb3 Bd4 60.Bd1 Bc5 61.f5 Kxf5 62.Bb3 Kf6 63.Bc2 g5
64.hxg5+ Kxg5 65.Bb3 Bd6 66.Bf7 Kf6 67.Bb3 Ke5 68.Bf7 Kd4 69.Bxh5 b3 70.g4 Be7
71.Bg6 Kc3 72.Ke4 b2 73.Kd5 b5 74.Bb1 b4 75.Ke4 Kd2 76.Kd4 Kc1 77.Bg6 b1=Q
78.Bxb1 Kxb1 79.Kc4 Kc2 80.g5 b3 81.g6 Bf8 82.g7 Bxg7  0-1

[Event "Titled Tue 25th Feb Late"]
[Site "chess.com INT"]
[Date "2025.02.25"]
[Round "10"]
[White "Nakamura,Hi"]
[Black "Carlsen,M"]
[Result "1-0"]
[WhiteElo "2802"]
[BlackElo "2833"]

1.b3 e5 2.Bb2 Nc6 3.c4 g6 4.e3 Bg7 5.Nf3 d6 6.Nc3 Nf6 7.d4 O-O 8.Be2 Re8
9.dxe5 dxe5 10.Qxd8 Rxd8 11.a3 e4 12.Nd2 Bf5 13.h3 h5 14.O-O-O h4 15.g4 hxg3
16.fxg3 Ne5 17.g4 Bd7 18.g5 Ne8 19.Ndxe4 Bf5 20.h4 c6 21.Rxd8 Rxd8 22.Nf2 Nc7
23.Nce4 Ne6 24.Rd1 Rxd1+ 25.Kxd1 Bxe4 26.Nxe4 Nd7 27.Bxg7 Kxg7 28.Nd6 Nd8
29.Bg4 Ne5 30.Bc8 b6 31.Ke2 Kf8 32.Bh3 a6 33.a4 c5 34.Nc8 Ndc6 35.Nxb6 Ke7
36.Bc8 a5 37.Bb7 Nb4 38.Be4 Kd6 39.Nc8+ Kd7 40.Na7 Ke7 41.Nb5 f6 42.gxf6+ Kxf6
43.Nc7 Nf7 44.Na8 Nd6 45.Bb1 Nc6 46.Nb6 Ne5 47.Nd5+ Ke6 48.Nf4+ Kf6 49.Kf2 Nc8
50.Nd3 Nxd3+ 51.Bxd3 Nd6 52.Kg3  1-0

[Event "Titled Tue 25th Feb Early"]
[Site "chess.com INT"]
[Date "2025.02.25"]
[Round "10"]
[White "Belov,Alexe"]
[Black "Nakamura,Hi"]
[Result "0-1"]
[WhiteElo "2421"]
[BlackElo "2802"]

1.e4 c6 2.d4 d5 3.Nd2 dxe4 4.Nxe4 Nf6 5.Nxf6+ gxf6 6.Qd3 e5 7.dxe5 Qxd3 8.Bxd3 fxe5
9.Nf3 Nd7 10.Bf5 f6 11.Be3 Nb6 12.Nh4 Nc4 13.O-O-O b6 14.Bxc8 Rxc8 15.Nf5 Kf7
16.b3 Ke6 17.g4 Ba3+ 18.Kb1 Nd6 19.Nxd6 Bxd6 20.h3 h5 21.f3 Rh7 22.Rhf1 hxg4
23.hxg4 Rh3 24.Rf2 Rg8 25.Rd3 Ba3 26.Rd1 e4 27.Rdf1 exf3 28.Bc1 Bc5 29.Rxf3 Rxf3
30.Rxf3 Rxg4 31.Kb2 Bd4+ 32.c3 Rg2+ 33.Ka3 Be5 34.b4 Rg3 35.Rxg3 Bxg3 36.Kb3 b5
37.a4 Kd5 38.Be3 a6 39.axb5 axb5 40.Kc2 Kc4 41.Bd4 Be5  0-1

[Event "Titled Tue 25th Feb Early"]
[Site "chess.com INT"]
[Date "2025.02.25"]
[Round "11"]
[White "Simonian,H"]
[Black "Nakamura,Hi"]
[Result "1-0"]
[WhiteElo "2404"]
[BlackElo "2802"]

1.e4 g6 2.d4 Bg7 3.Nc3 c6 4.Be3 d5 5.Qd2 dxe4 6.Nxe4 Nf6 7.Nxf6+ exf6 8.Nf3 Nd7
9.Bh6 O-O 10.Bxg7 Kxg7 11.Be2 b5 12.O-O Nb6 13.b3 Re8 14.Rfe1 Be6 15.Rac1 Bd5
16.h3 Rc8 17.c3 Qd6 18.Nh2 Be6 19.Ng4 Nd5 20.Qh6+ Kg8 21.c4 bxc4 22.bxc4 Bxg4
23.Bxg4 Nf4 24.Bxc8 Rxc8 25.Rcd1 Rd8 26.Qh4 Kg7 27.Qg3 g5 28.Qf3 Qb4 29.Qxc6 Rxd4
30.Qb5 Qc3 31.Qb3 Qa5 32.a3 Rd3 33.Qb4 Rxa3 34.Qxa5 Rxa5 35.Rd7 Ng6 36.Rc7 Ne5
37.Rc1 Nd3 38.Rc2 Ra1+ 39.Kh2 a5 40.c5 Nb4 41.Rc4 Nd3 42.Kg3 Ra3 43.f3 Ra2
44.h4 h6 45.Ra7 Nf4 46.Rxf4 gxf4+ 47.Kxf4 a4 48.g4 a3 49.h5 Ra1 50.c6 a2
51.c7 Rc1 52.Rxa2 Rxc7 53.Ra4 Rc5 54.Kg3 f5 55.Kf4 fxg4 56.fxg4 Rb5 57.Ra6 Rb4+
58.Kf5 Rc4 59.Rb6 Rc5+ 60.Kf4 Ra5 61.Rc6 Ra1 62.Rb6 Rf1+ 63.Kg3 Rg1+ 64.Kf4 Rh1
65.Kf5 Rf1+ 66.Ke4 Rf2 67.Ra6 Rf1 68.Rb6 Ra1 69.Kf4 Ra3 70.Kf5 Ra4 71.Rc6 Rb4
72.Ra6 Rb7 73.Kf4 f6 74.Kf5 Rb5+ 75.Kf4 Kf7 76.Ra7+ Ke6 77.Ra6+ Kf7 78.Ra7+ Kf8
79.Ra8+ Ke7 80.Ra7+ Ke8 81.Rh7 Kf8 82.Rxh6 Kg7 83.Rg6+ Kf7 84.Rh6 Rb4+ 85.Kf5 Rb5+
86.Kf4 Ke6 87.Rg6 Rb4+ 88.Kg3 Kf7 89.Kh4 Rb1 90.Rh6 Kg7 91.Rg6+ Kf7 92.Kg3 Rh1
93.Kf4 Rh2 94.Kf5 Rf2+ 95.Ke4 Rf1 96.Ke3 Ra1 97.Kf4 Ra3 98.Rh6 Kg7 99.Rg6+ Kf7
100.Rh6 Ra4+ 101.Kf5 Ra5+ 102.Kf4 Ra1 103.Rh7+ Ke6 104.Rb7 Rh1 105.Rb6+ Kf7
106.Rb7+ Ke6 107.Ke4 Rh4 108.Rb6+ Ke7 109.Kf5 Rh2 110.Re6+ Kf7 111.Rxf6+ Kg7
112.Rg6+ Kh7 113.Kg5 Rb2 114.Rh6+ Kg7 115.Rf6 Kh7 116.Rf5 Rb6 117.Rf7+ Kg8
118.Rf6 Rb4 119.h6 Kh7 120.Rf7+ Kg8 121.Ra7 Rc4 122.Kf5 Rc5+ 123.Kg6 Rc6+
124.Kh5 Rd6 125.g5 Rd8 126.g6 Kh8 127.Rf7 Rb8 128.Kg5 Kg8 129.Rd7 Rb5+ 130.Kf6 Rb6+
131.Kf5 Rb8 132.Ke6 Re8+ 133.Kf6 Rf8+ 134.Ke7 Ra8 135.Rd8+  1-0

[Event "Titled Tue 25th Feb Late"]
[Site "chess.com INT"]
[Date "2025.02.25"]
[Round "11"]
[White "Sevian,Samuel"]
[Black "Nakamura,Hi"]
[Result "1-0"]
[WhiteElo "2692"]
[BlackElo "2802"]

1.e4 e5 2.Nf3 Nc6 3.Bc4 Nf6 4.d3 h6 5.O-O Bc5 6.c3 d6 7.Re1 O-O 8.Nbd2 Bb6
9.h3 a5 10.Nf1 Be6 11.Bb5 Ne7 12.Ng3 Ng6 13.d4 c6 14.Bd3 Re8 15.Be3 a4 16.a3 exd4
17.cxd4 Bb3 18.Qc1 Ba5 19.Re2 Be6 20.Qc2 Bb3 21.Qc1 Be6 22.Bd2 Bxd2 23.Qxd2 Qa5
24.Rc1 Qxd2 25.Rxd2 Nf4 26.Bb1 Bb3 27.Re1 Rad8 28.Nf5 h5 29.g3 Ne6 30.e5 dxe5
31.dxe5 Rxd2 32.Nxd2 Nd5 33.Nxb3 axb3 34.Be4 Nb6 35.Nd6 Re7 36.Re3 Nd4 37.f4 Na4
38.Nf5 Nxf5 39.Bxf5 Nc5 40.Kf2 g6 41.Bd3 Rd7 42.Ke2 Rd4 43.h4 Kf8 44.Kd2 Na4
45.Re4 Rxe4 46.Bxe4 Nxb2 47.Kc3 Na4+ 48.Kb4 Nb6 49.Kxb3 Ke7 50.Kb4 Nd7 51.a4 Ke6
52.a5 Nb8 53.Kc4 Ke7 54.Kc5 Nd7+ 55.Kd4 Nb8 56.Bg2 Na6 57.Bf1 Nb8 58.Be2 Nd7
59.g4 f6 60.gxh5 gxh5 61.Bxh5 fxe5+ 62.fxe5 c5+ 63.Kd5 c4 64.Bg6 c3 65.h5 Nf8
66.Bc2 Ne6 67.h6 Nf4+ 68.Kc5 Kf7 69.h7 Kg7 70.Kb6 Ne6 71.Kxb7 Nd4 72.Bd3 Nb3
73.Kb6 Nc1 74.Bf5  1-0

[Event "Champions Showdown Kings"]
[Site "Saint Louis USA"]
[Date "2025.03.04"]
[Round "1.1"]
[White "Caruana,F"]
[Black "Nakamura,Hi"]
[Result "1/2-1/2"]
[WhiteElo "2783"]
[BlackElo "2802"]

1.e4 e5 2.Nf3 Nc6 3.Bb5 Nge7 4.O-O Ng6 5.d4 exd4 6.Nxd4 Nxd4 7.Qxd4 c6 8.Be2 Qb6
9.Qc3 Qb4 10.Qd3 Qd6 11.Qb3 Be7 12.Be3 Nf4 13.Bf3 Qf6 14.Nd2 O-O 15.g3 Ne6
16.Bg2 Nc5 17.Qc4 b6 18.Qd4 Qg6 19.a4 f5 20.exf5 Qxf5 21.Rfe1 Bf6 22.Qb4 Qxc2
23.Qc4+ Qxc4 24.Nxc4 d5 25.Nd6 Bd7 26.Ra2 Nd3 27.Rd1 Nb4 28.Ra3 Nc2 29.Rb3 Nxe3
30.Rxe3 Rad8 31.b4 Bg4 32.f3 Bh5 33.Nf5 Rfe8 34.Rxe8+ Rxe8 35.b5 Bg6 36.Nd6 Re6
37.Nc8 d4 38.f4 c5 39.Bd5 Bf7 40.Bxe6 Bxe6 41.Nxa7 c4 42.a5 d3 43.Nc6 c3
44.axb6 c2 45.Rf1 d2 46.b7 d1=Q 47.b8=Q+ Kf7 48.Qc7+ Kg6 49.Ne5+ Bxe5 50.Qxe5 Qxf1+
51.Kxf1 c1=Q+ 52.Kf2 Qd2+ 53.Kg1 Qd1+ 54.Kf2 Qc2+ 55.Ke3 Qb3+ 56.Kd4 Qb4+
57.Ke3 Qb3+ 58.Kd4 Qc4+ 59.Ke3 Bf5 60.g4 Qb3+ 61.Kf2 Bd3 62.Qh5+ Kf6 63.Qe5+ Kf7
64.Qc7+ Ke6 65.Qe5+ Kf7 66.Qc7+ Ke6 67.Qe5+ Kf7  1/2-1/2

[Event "Champions Showdown Kings"]
[Site "Saint Louis USA"]
[Date "2025.03.04"]
[Round "1.2"]
[White "Caruana,F"]
[Black "Nakamura,Hi"]
[Result "1/2-1/2"]
[WhiteElo "2783"]
[BlackElo "2802"]

1.e4 e5 2.Nf3 Nf6 3.Nxe5 Nxe4 4.Qe2 Qe7 5.Qxe4 d6 6.d4 dxe5 7.dxe5 Nc6 8.Nc3 Qxe5
9.Qxe5+ Nxe5 10.Nb5 Bd6 11.Nxd6+ cxd6 12.Be3 Be6 13.O-O-O Ke7 14.b3 a6 15.h3 h5
16.g3 Rhd8 17.Bg2 Rd7 18.f4 Nc6 19.Bf3 Rh8 20.g4 hxg4 21.hxg4 Rxh1 22.Rxh1 g6
23.Kb2 Rc7 24.Bb6 Rc8 25.c4 g5 26.f5 Ne5 27.Be2 Bd7 28.Rh5 f6 29.Rh7+ Kf8
30.Rh8+ Ke7 31.Rxc8 Bxc8 32.b4 Nd7 33.Bc7 b6 34.Kc3 Bb7 35.a4 Bc6 36.b5 Bb7
37.a5 bxa5 38.Bxa5 Ne5 39.Kd4 Kd7 40.Bd1 Nf3+ 41.Ke3 Ne5 42.Be2 axb5 43.cxb5 Bg2
44.Bc3 Kc7 45.Bd4 Bd5 46.Kf2 Be4 47.Kg3 Bd5 48.Bd1 Kb7 49.Ba4 Bc4 50.b6 Bd5
51.Bd1 Kc6 52.Ba4+ Kb7 53.Bd1 Kc6 54.Ba4+ Kb7  1/2-1/2

[Event "Champions Showdown Kings"]
[Site "Saint Louis USA"]
[Date "2025.03.04"]
[Round "1.3"]
[White "Nakamura,Hi"]
[Black "Caruana,F"]
[Result "0-1"]
[WhiteElo "2802"]
[BlackElo "2783"]

1.b3 d5 2.Bb2 Bg4 3.h3 Bh5 4.g3 c5 5.Bg2 Nc6 6.Nf3 Nf6 7.Ne5 Nxe5 8.Bxe5 e6
9.c4 Be7 10.cxd5 exd5 11.d4 O-O 12.O-O Ne4 13.g4 Bg6 14.f3 Ng5 15.Nc3 Rc8
16.Kh1 Re8 17.f4 Ne4 18.Nxe4 Bxe4 19.Bxe4 dxe4 20.dxc5 Bxc5 21.Rc1 Qh4 22.Kg2 Red8
23.Qe1 Qxe1 24.Rfxe1 f6 25.Bb2 Be3 26.Rc4 Rxc4 27.bxc4 Bxf4 28.Bc1 Bd2 29.Rd1 e3
30.Kf3 Kf7 31.Ba3 b6 32.c5 b5 33.c6 Rc8 34.Bc5 a6 35.Bxe3 Bxe3 36.Rd7+ Kg6
37.Kxe3 Rxc6 38.Rd3 h5 39.Kf3 h4 40.Ra3 b4 41.Ra4 Rc3+ 42.e3 Rc2 43.Rxb4 Rxa2
44.Rb6 a5 45.Ra6 a4 46.Kf4 a3 47.g5 Rf2+ 48.Kg4 Rg2+ 49.Kxh4 Rxg5 50.Rxa3 Rg1
51.Ra5 Kf7 52.e4 Ke6 53.Kh5 Kf7 54.Kh4 Rg2 55.Rb5 Kg6 56.Ra5 Kf7 57.Rb5 g5+
58.Kh5 Rg3 59.Rb7+ Ke6 60.Kg6 Rxh3 61.Rb6+ Ke5 62.Rxf6 g4 63.Rf1 g3  0-1

[Event "Champions Showdown Kings"]
[Site "Saint Louis USA"]
[Date "2025.03.05"]
[Round "2.2"]
[White "Nakamura,Hi"]
[Black "Robson,R"]
[Result "1-0"]
[WhiteElo "2802"]
[BlackElo "2689"]

1.Nf3 d5 2.e3 c5 3.b3 Nf6 4.Bb2 g6 5.c4 Bg7 6.cxd5 Qxd5 7.Nc3 Qd8 8.Na4 b6
9.d4 cxd4 10.Nxd4 O-O 11.Qf3 Qd5 12.Rc1 Bb7 13.Qxd5 Nxd5 14.Be2 Nd7 15.e4 Nf4
16.Rc7 Nc5 17.Nxc5 bxc5 18.Rxb7 cxd4 19.Bc4 Nxg2+ 20.Kd2 e6 21.Rg1 Nf4 22.Ba3 Rfc8
23.Bd6 Bh6 24.Rg4 Nh3+ 25.Ke2 Rd8 26.e5 Nf4+ 27.Kf3 d3 28.Rxf4 Bxf4 29.Kxf4 d2
30.Be2 Rac8 31.Ke3 Rc2 32.Rxa7 Rdc8 33.Bd1 Rb2 34.a4 Rc3+ 35.Ke2 Kg7 36.Be7 Rc1
37.Rd7 Rbb1 38.Rxd2 Ra1 39.h4 Kh6 40.Bg5+ Kg7 41.b4 Rc4 42.Bf6+ Kh6 43.b5 Ra3
44.Bg5+ Kg7 45.Bf6+ Kh6 46.Kf1 Ra1 47.Kg2 Rcc1 48.b6 Rcb1 49.Bg5+ Kg7 50.Bf6+ Kh6
51.Bd8 Rb4 52.Be7  1-0

[Event "Champions Showdown Kings"]
[Site "Saint Louis USA"]
[Date "2025.03.05"]
[Round "2.3"]
[White "Robson,R"]
[Black "Nakamura,Hi"]
[Result "1/2-1/2"]
[WhiteElo "2689"]
[BlackElo "2802"]

1.e4 e5 2.Nf3 Nc6 3.Bc4 Nf6 4.d3 h6 5.c3 d6 6.O-O g5 7.b4 Bg7 8.a4 O-O 9.Re1 Ne7
10.Nbd2 Ng6 11.Nf1 d5 12.exd5 Nxd5 13.Bb2 g4 14.N3d2 Kh7 15.g3 f5 16.b5 c6
17.d4 e4 18.Bb3 h5 19.Ba3 Nxc3 20.Qc2 Bxd4 21.bxc6 bxc6 22.Bb4 Ne2+ 23.Rxe2 Bxa1
24.Bxf8 Nxf8 25.Nxe4 fxe4 26.Qxe4+ Kg7 27.Qxc6 Rb8 28.Re8 Qd7 29.Qxd7+ Nxd7
30.Be6 Nb6 31.a5 Bxe6 32.Rxb8 Nd7 33.Rb7 Bd4 34.Nd2 Kg6 35.Nb3 Bxb3 36.Rxd7 Bc5
37.Rc7 Bd4 38.Rd7 Bc5 39.Rc7 Bd4  1/2-1/2

[Event "Champions Showdown Kings"]
[Site "Saint Louis USA"]
[Date "2025.03.05"]
[Round "2.1"]
[White "Nakamura,Hi"]
[Black "Robson,R"]
[Result "1/2-1/2"]
[WhiteElo "2802"]
[BlackElo "2689"]

1.Nf3 d5 2.g3 c5 3.Bg2 Nf6 4.O-O g6 5.Nc3 Bg7 6.d4 cxd4 7.Nxd4 O-O 8.Nb3 e6
9.e4 Nc6 10.Qe2 d4 11.Nb1 e5 12.Rd1 b6 13.c3 Bg4 14.Bf3 Bxf3 15.Qxf3 a5 16.cxd4 exd4
17.Bf4 Nd7 18.Qe2 a4 19.Nc1 Re8 20.Nd3 Qe7 21.Nd2 a3 22.Rac1 Nce5 23.Bxe5 Bxe5
24.b3 Bg7 25.f4 Nf6 26.Ne5 Rac8 27.Ndf3 Nd7 28.Nc6 Qe6 29.Ng5 Qd6 30.e5 Qf8
31.Nxd4 Nc5 32.Nb5 Rcd8 33.Rxd8 Rxd8 34.Nf3 h6 35.Nbd4 Qe8 36.Rd1 Rc8 37.h4 Ne6
38.h5 Nxd4 39.Nxd4 Bf8 40.hxg6 fxg6 41.Kg2 Rc3 42.Qe4 Bc5 43.Nf3 Re3 44.Qd5+ Kh8
45.Rd2 g5 46.Qd8 Qxd8 47.Rxd8+ Kg7 48.Rd2 Kg6 49.b4 Bxb4 50.Rd8 Re2+ 51.Kh3 Rxa2
52.Nd4 Bc5 53.f5+ Kf7 54.Nc6 h5 55.g4 Ra1 56.e6+ Kf6 57.Ra8 hxg4+ 58.Kh2 a2
59.Ra7 g3+ 60.Kh3 Rh1+ 61.Kg4 Rh4+ 62.Kxg3 Bd6+ 63.Kf3 Rh3+ 64.Kg4 Rg3+ 65.Kh5 Rh3+
66.Kg4 Rg3+ 67.Kh5 Kxf5 68.Nd4+ Ke5 69.Nb5 Kxe6 70.Rxa2 Bf4 71.Ra6 Kf5 72.Nd4+ Ke4
73.Nb5 Kf5 74.Nd4+ Ke4 75.Nb5 Be3 76.Nd6+ Kd5 77.Nf5 Rf3 78.Nxe3+ Rxe3 79.Rxb6 Rg3
80.Rb5+ Ke4 81.Rxg5 Rxg5+ 82.Kxg5  1/2-1/2

[Event "Champions Showdown Kings"]
[Site "Saint Louis USA"]
[Date "2025.03.06"]
[Round "3.3"]
[White "Aronian,L"]
[Black "Nakamura,Hi"]
[Result "1-0"]
[WhiteElo "2748"]
[BlackElo "2802"]

1.e4 e5 2.Nf3 Nc6 3.Bc4 Nf6 4.d3 h6 5.O-O Bc5 6.c3 d6 7.Nbd2 O-O 8.Re1 Bb6
9.a4 a5 10.Ra3 Bc5 11.Ra2 Be6 12.b3 Nd7 13.Rc2 Ne7 14.Bxe6 fxe6 15.Nf1 Ng6
16.d4 exd4 17.cxd4 Bb4 18.Re3 c6 19.Ne1 e5 20.Rg3 Qf6 21.dxe5 Ndxe5 22.Ne3 Bxe1
23.Qxe1 Qe6 24.Rd2 Nf4 25.Qd1 Neg6 26.Rxd6 Qxe4 27.h4 Qe8 28.Rdxg6 Nxg6 29.Qg4 Rd8
30.h5 Rf4 31.Qxg6 Qxg6 32.Rxg6 Rd3 33.Bb2 Rf7 34.g4 Rxb3 35.Be5 Rb1+ 36.Kg2 Re1
37.Bd4 c5 38.Bc3 Rc1 39.Be5 Re1 40.g5 Kf8 41.Ng4 hxg5 42.Bd6+ Ke8 43.Ne5 Rf5  1-0

[Event "Champions Showdown Kings"]
[Site "Saint Louis USA"]
[Date "2025.03.06"]
[Round "3.2"]
[White "Nakamura,Hi"]
[Black "Aronian,L"]
[Result "1/2-1/2"]
[WhiteElo "2802"]
[BlackElo "2748"]

1.e4 e6 2.d4 d5 3.exd5 exd5 4.Nf3 Bd6 5.c4 c6 6.c5 Bc7 7.Bd3 Ne7 8.O-O O-O
9.Re1 h6 10.Qc2 Nd7 11.b4 Re8 12.Nc3 Nf8 13.h3 Neg6 14.Rxe8 Qxe8 15.Bd2 Qd8
16.Bf5 Qf6 17.Bxc8 Rxc8 18.Qd3 Ne6 19.g3 Ne7 20.Kg2 Qf5 21.Qxf5 Nxf5 22.Ne2 Re8
23.Kf1 Bd8 24.a4 Bf6 25.Bc3 a6 26.Rb1 h5 27.b5 axb5 28.axb5 g5 29.bxc6 bxc6
30.Rb6 Rc8 31.g4 hxg4 32.hxg4 Nh6 33.Nh2 Kf8 34.Kg2 Ke8 35.f3 Ng8 36.Nf1 Ne7
37.Ra6 Nc7 38.Ra2 Ra8 39.Rxa8+ Nxa8 40.Ba5 Ng6 41.Ne3 Bd8 42.Bxd8 Kxd8 43.Kg3 Nc7
44.f4 f6 45.f5 Ne7 46.Nc2 Nb5 47.Kf3 Kd7 48.Ke3 Ng8 49.Ng3 Nh6 50.Kf3 Ke7
51.Nh5 Kf7 52.Ng3 Ke7 53.Nf1 Kd7 54.Ng3 Ke7 55.Nh5  1/2-1/2

[Event "Champions Showdown Kings"]
[Site "Saint Louis USA"]
[Date "2025.03.06"]
[Round "3.1"]
[White "Nakamura,Hi"]
[Black "Aronian,L"]
[Result "1-0"]
[WhiteElo "2802"]
[BlackElo "2748"]

1.e4 e6 2.d4 d5 3.exd5 exd5 4.Nf3 Bd6 5.c4 c6 6.Nc3 Ne7 7.cxd5 cxd5 8.Bd3 Nbc6
9.h3 O-O 10.O-O Bf5 11.a3 Qd7 12.Re1 Rfe8 13.Be3 h6 14.Rc1 Rac8 15.Bxf5 Qxf5
16.b4 Ng6 17.Qc2 Qxc2 18.Rxc2 Nce7 19.Rec1 Rc6 20.Nb5 Bb8 21.Rxc6 Nxc6 22.Nc3 Rd8
23.Na4 Nce7 24.Kf1 b6 25.Ke2 Nf4+ 26.Bxf4 Bxf4 27.Re1 f6 28.Kd3 Kf7 29.g3 Bd6
30.Nc3 h5 31.h4 Rc8 32.Nd2 a5 33.Nb5 Bb8 34.Nf1 axb4 35.axb4 Nc6 36.Rb1 Rd8
37.Ne3 Ke6 38.Nc3 Ne7 39.Re1 Kf7 40.Ra1 Bd6 41.Ra7 Ke6 42.b5 Bb4 43.Na4 Rd6
44.Rxe7+ Kxe7 45.Nf5+ Ke6 46.Nxd6 Kxd6 47.Nxb6 g5 48.Na4 Ba5 49.Ke3 Bd8 50.g4 hxg4  1-0

[Event "Titled Tue 11th Mar Early"]
[Site "chess.com INT"]
[Date "2025.03.11"]
[Round "1"]
[White "Nakamura,Hi"]
[Black "Abrashkin,B"]
[Result "1-0"]
[WhiteElo "2802"]
[BlackElo "2407"]

1.c4 e6 2.b3 d5 3.Bb2 Nf6 4.e3 Be7 5.cxd5 exd5 6.Nf3 O-O 7.d4 Bf5 8.Bd3 Bxd3
9.Qxd3 Nbd7 10.Nbd2 c6 11.O-O Re8 12.Ne5 Nxe5 13.dxe5 Nd7 14.Qc2 f6 15.exf6 Bxf6
16.Bxf6 Nxf6 17.b4 Ne4 18.Nb3 Qh4 19.b5 Re6 20.bxc6 bxc6 21.Nd4 Rh6 22.h3 Rf8
23.f4 c5 24.Nb3 c4 25.Nd4 Rg6 26.Rf3 Rb8 27.Rd1 Rgb6 28.Nf5 Qf6 29.Rxd5 Nc3
30.Re5 Rb1+ 31.Kh2 Qd8 32.Qxc3 Qd1 33.Rb5 Qg1+ 34.Kg3 Kf7 35.Qxg7+ Ke6 36.Qe7+  1-0

[Event "Titled Tue 11th Mar Early"]
[Site "chess.com INT"]
[Date "2025.03.11"]
[Round "2"]
[White "Atakhan,Abtin"]
[Black "Nakamura,Hi"]
[Result "0-1"]
[WhiteElo "2416"]
[BlackElo "2802"]

1.d4 g6 2.c4 Bg7 3.Nf3 c6 4.Nc3 d6 5.e4 Bg4 6.Be2 Nd7 7.Be3 e5 8.d5 c5 9.Nd2 Bxe2
10.Qxe2 Bh6 11.h4 Bxe3 12.Qxe3 Ngf6 13.f3 a6 14.g4 h5 15.g5 Nh7 16.O-O f6
17.f4 exf4 18.Qxf4 Ne5 19.gxf6 O-O 20.Nf3 Rxf6 21.Qg3 Rxf3 22.Rxf3 Nxf3+
23.Qxf3 Qxh4 24.Qg2 Ng5 25.Kf1 Kg7 26.Ke2 Nh3 27.Kd2 Rf8 28.Rf1 Rxf1 29.Qxf1 Ng5
30.Qg2 Qf4+ 31.Kd3 h4 32.Ne2 Qf3+ 33.Qxf3 Nxf3 34.Ke3 Ne5 35.b3 g5  0-1

[Event "Titled Tue 11th Mar Early"]
[Site "chess.com INT"]
[Date "2025.03.11"]
[Round "3"]
[White "Nakamura,Hi"]
[Black "Madaminov,Mukhiddin"]
[Result "1-0"]
[WhiteElo "2802"]
[BlackElo "2550"]

1.b3 d5 2.Bb2 Bf5 3.Nf3 e6 4.g3 h6 5.d3 Nf6 6.Bg2 Be7 7.O-O O-O 8.c4 Bh7
9.Nbd2 c6 10.Rc1 a5 11.a3 Nbd7 12.Rc2 Bd6 13.Qa1 Qe7 14.Rfc1 Rfd8 15.Bh3 Bg6
16.cxd5 exd5 17.Nh4 Bh7 18.Nf5 Bxf5 19.Bxf5 Ne5 20.e3 Re8 21.Re1 h5 22.f4 Neg4
23.Nf1 g6 24.Bxg4 Nxg4 25.h3 Nh6 26.Rce2 Bc5 27.Kg2 Qe6 28.Qc1 Bb6 29.Nd2 Nf5
30.e4 Nd4 31.Bxd4 Bxd4 32.e5 Bb6 33.Nf3 d4 34.Qc4 Rad8 35.Ng5 Qd5+ 36.Ne4 Kg7
37.Qxd5 cxd5 38.Nf6 Re7 39.g4 hxg4 40.hxg4 g5 41.f5 Bc7 42.Nxd5 Rxd5 43.f6+ Kf8
44.Rh1 Ke8 45.Rh8+ Kd7 46.fxe7 Kxe7 47.e6 fxe6 48.Rh7+ Kd6 49.Rc2 Bb6 50.Rxb7 Bc5
51.b4 axb4 52.axb4 Kc6 53.Rh7  1-0

[Event "Titled Tue 11th Mar Early"]
[Site "chess.com INT"]
[Date "2025.03.11"]
[Round "4"]
[White "Indjic,A"]
[Black "Nakamura,Hi"]
[Result "1-0"]
[WhiteElo "2651"]
[BlackElo "2802"]

1.d4 d5 2.c4 c5 3.cxd5 cxd4 4.Nf3 Nf6 5.Nxd4 Nxd5 6.e4 Nb4 7.Bb5+ Bd7 8.Bxd7+ Qxd7
9.Be3 e5 10.Nf3 Qxd1+ 11.Kxd1 N8c6 12.Nbd2 O-O-O 13.Ke2 Nc2 14.Rac1 Nxe3
15.fxe3 f6 16.a3 Be7 17.Nb1 Kb8 18.Nc3 Bd6 19.Nd5 Ne7 20.Nd2 Nxd5 21.exd5 f5
22.e4 Be7 23.exf5 Rxd5 24.Ne4 Rd4 25.Ke3 Rhd8 26.Rc3 Rf8 27.g4 h5 28.h3 Bd8
29.Rf1 Bb6 30.Kf3 hxg4+ 31.hxg4 Rh8 32.Re1 Rh2 33.b4 a5 34.Kg3 Ra2 35.g5 axb4
36.axb4 Bd8 37.f6 gxf6 38.gxf6 Rd7 39.Rf3 Rf7 40.Kg4 Rb2 41.Kf5 Bxf6 42.Nxf6 Rxb4
43.Ke6 Rg7 44.Nd7+ Kc7 45.Rc1+  1-0

[Event "Titled Tue 11th Mar Early"]
[Site "chess.com INT"]
[Date "2025.03.11"]
[Round "5"]
[White "Nakamura,Hi"]
[Black "Mohamed,Anees M"]
[Result "1-0"]
[WhiteElo "2802"]
[BlackElo "2354"]

1.b3 g6 2.Bb2 Nf6 3.Nf3 Bg7 4.d4 O-O 5.e3 c5 6.dxc5 Qa5+ 7.c3 Qxc5 8.Ba3 Qb6
9.Bxe7 Re8 10.Bxf6 Bxf6 11.Be2 Nc6 12.O-O Qc7 13.Nd4 d5 14.Na3 Be5 15.g3 h5
16.Bf3 h4 17.Nab5 Qd8 18.Bg2 a6 19.Nxc6 bxc6 20.Nd4 Bd7 21.Rc1 Kg7 22.c4 hxg3
23.hxg3 Qf6 24.cxd5 cxd5 25.Rc5 Rad8 26.Rxd5 Bb5 27.Nxb5 axb5 28.Qe2 b4 29.Rfd1 Ra8
30.Rxe5 Qxe5 31.Bxa8 Rxa8 32.Rd4 Qa5 33.Qd2 Rb8 34.a4 Rh8 35.Rd5 Qc7 36.Qd4+ Kh7
37.Rd7 Qc1+ 38.Kg2 Rf8 39.Qxb4 Qc6+ 40.e4 Kg7 41.Qd4+ Kh7 42.Qd5 Qf6 43.e5 Qf5
44.e6  1-0

[Event "Titled Tue 11th Mar Early"]
[Site "chess.com INT"]
[Date "2025.03.11"]
[Round "6"]
[White "Jumabayev,R"]
[Black "Nakamura,Hi"]
[Result "0-1"]
[WhiteElo "2549"]
[BlackElo "2802"]

1.d4 d5 2.c4 c5 3.cxd5 Nf6 4.Nf3 cxd4 5.Nxd4 Nxd5 6.g3 e5 7.Nb3 Nc6 8.Bg2 Be6
9.Bd2 a5 10.O-O a4 11.Nc1 Be7 12.Nd3 f5 13.Nc3 e4 14.Nf4 Nxf4 15.Bxf4 O-O
16.Nb5 Qa5 17.Nd4 Nxd4 18.Qxd4 Bf6 19.Qd6 Ra6 20.Qa3 Qb5 21.Rfb1 Bc4 22.e3 Bd3
23.Bf1 Rd8 24.h4 h6 25.h5 Qe8 26.Rd1 Be7 27.Qc3 Rc6 28.Qa5 Rc5 29.Qb6 Qxh5
30.Qxb7 Bf6 31.Rd2 Qf7 32.Qxf7+ Kxf7 33.Bxd3 exd3 34.g4 g5 35.Bg3 a3 36.gxf5 axb2  0-1